MARC details
| 000 -CABECERA |
| campo de control de longitud fija |
00906nam a2200241 a 4500 |
| 001 - NÚMERO DE CONTROL |
| campo de control |
000011861 |
| 005 - FECHA Y HORA DE LA ÚLTIMA TRANSACCIÓN |
| campo de control |
20200929162608.0 |
| 008 - DATOS DE LONGITUD FIJA--INFORMACIÓN GENERAL |
| campo de control de longitud fija |
091028s2000 sp a 001 0aspa d |
| 020 ## - NÚMERO INTERNACIONAL ESTÁNDAR DEL LIBRO |
| Número Internacional Estándar del Libro |
8423938549 |
| 040 ## - FUENTE DE LA CATALOGACIÓN |
| Centro catalogador/agencia de origen |
DO-SdBNP |
| Lengua de catalogación |
spa |
| Centro/agencia transcriptor |
BNPHU |
| 041 17 - CÓDIGO DE LENGUA |
| Código de lengua del texto/banda sonora o título independiente |
spa |
| Código de lengua original |
ko |
| Fuente del código |
Código de idioma MARC |
| 082 ## - NÚMERO DE LA CLASIFICACIÓN DECIMAL DEWEY |
| Número de clasificación |
923.15195 |
| Número de documento/Ítem |
K49m |
| 049 ## - FONDOS LOCALES (OCLC) |
| Fondos de biblioteca |
BNGR |
| 100 1# - ENTRADA PRINCIPAL--NOMBRE DE PERSONA |
| Nombre de persona |
Kim, Dae-Jung, |
| Fechas asociadas al nombre |
1924-2009 |
| 9 (RLIN) |
28029 |
| 245 10 - MENCIÓN DE TÍTULO |
| Título |
Mi vida, mi camino : |
| Resto del título |
autobiografía del presidente de la República de Corea / |
| Mención de responsabilidad, etc. |
Kim Dae-Jung ; traducción del coreano de Kim Sue-Hee ; prólogo de Felipe González Márquez. |
| 260 ## - PUBLICACIÓN, DISTRIBUCIÓN, ETC. |
| Lugar de publicación, distribución, etc. |
Madrid : |
| Nombre del editor, distribuidor, etc. |
Espasa Calpe, |
| Fecha de publicación, distribución, etc. |
2000. |
| 300 ## - DESCRIPCIÓN FÍSICA |
| Extensión |
352 p. : |
| Otras características físicas |
il. ; |
| Dimensiones |
22 cm. |
| 650 #4 - PUNTO DE ACCESO ADICIONAL DE MATERIA--TÉRMINO DE MATERIA |
| Término de materia o nombre geográfico como elemento de entrada |
Correa del sur |
| Subdivisión general |
Presidente (1998-2003 : dae-jung) |
| 9 (RLIN) |
28030 |
| 600 14 - PUNTO DE ACCESO ADICIONAL DE MATERIA--NOMBRE DE PERSONA |
| Nombre de persona |
KIM, DAE-JUNG, |
| Fechas asociadas al nombre |
1924-2009 |
| Subdivisión general |
BIOGRAFÍA |
| 9 (RLIN) |
28031 |
| 700 1# - PUNTO DE ACCESO ADICIONAL--NOMBRE DE PERSONA |
| Nombre de persona |
Kim, Sue Hee, |
| Término indicativo de función/relación |
tr. |
| 9 (RLIN) |
28032 |
| 700 1# - PUNTO DE ACCESO ADICIONAL--NOMBRE DE PERSONA |
| Nombre de persona |
González Márquez, Felipe, |
| Término indicativo de función/relación |
pról. |
| 9 (RLIN) |
28033 |
| 910 ## - DATOS DE OPCIÓN DEL USUARIO (OCLC) |
| Datos de opción del usuario |
WM |